000 00324nam a2200157Ia 4500
100 _aDostalek/Libor
650 _aTCP/IP
942 _cBK
366 _f20
245 _aUnderstanding TCP/IP
260 _bShroff Publishers
_c2006
082 _a4.62
_bDOS
300 _a462
546 _aENGLISH
_cComputers
999 _c23048
_d23048